000 00297nam a22001097a 4500
008 150827b xxu||||| |||| 00| 0 eng d
020 _a0815781229
082 _a361.65 STE
100 _aSTEINER, GILBERT.Y
245 _aTHE STATE OF WELFARE
260 _aWASHINGTON, D.C
_bTHE BROOKINGS INSTITUTION
_c1971
999 _c1440
_d1440